[Event "Ruhrgebiet Verbandsliga1 1112"]
[Site "Nordrheinwestfalen"]
[Date "2012.04.22"]
[Round "9.5"]
[White "Brockmann, Fabian"]
[Black "Wilbert, Siegfried"]
[Result "1/2-1/2"]
[WhiteElo "1921"]
[BlackElo "1894"]
[PlyCount "33"]
[EventDate "2012.09.18"]
[EventType "team-tourn"]
[EventRounds "9"]
[EventCountry "GER"]
[SourceTitle "EXT 2020"]
[Source "ChessBase"]
[SourceDate "2019.10.17"]
[SourceVersion "1"]
[SourceVersionDate "2019.10.17"]
[SourceQuality "1"]
[WhiteTeam "Dortmund Hansa III"]
[BlackTeam "Buer SF"]
[WhiteTeamCountry "GER"]
[BlackTeamCountry "GER"]

1. e4 c5 2. b3 Nc6 3. Bb2 e6 4. g3 d5 5. e5 g6 6. Bg2 Bg7 7. f4 Nge7 8. Nf3 a6 9. a4 Rb8 10. d3 b5 11. axb5 axb5 12. Nbd2 Qb6 13. Qe2 b4 14. Qf2 0-0 15. 0-0 f6 16. exf6 Bxf6 17. Bxf6 1/2-1/2

[Event "Ruhrgebiet Verbandsliga1 1112"]
[Site "Nordrheinwestfalen"]
[Date "2011.12.11"]
[Round "4.6"]
[White "Kowallik, Juergen"]
[Black "Wilbert, Siegfried"]
[Result "1-0"]
[WhiteElo "1933"]
[BlackElo "1894"]
[PlyCount "133"]
[EventDate "2012.09.18"]
[EventType "team-tourn"]
[EventRounds "9"]
[EventCountry "GER"]
[SourceTitle "EXT 2020"]
[Source "ChessBase"]
[SourceDate "2019.10.17"]
[SourceVersion "1"]
[SourceVersionDate "2019.10.17"]
[SourceQuality "1"]
[WhiteTeam "Essen Ueberruhr"]
[BlackTeam "Buer SF"]
[WhiteTeamCountry "GER"]
[BlackTeamCountry "GER"]

1. e4 c5 2. c3 d5 3. exd5 Qxd5 4. d4 e6 5. Nf3 cxd4 6. cxd4 Nc6 7. Nc3 Bb4 8. Be2 Nf6 9. 0-0 Qa5 10. Qb3 0-0 11. Rd1 Rd8 12. Bg5 Be7 13. Bxf6 Bxf6 14. d5 Nb4 15. Bc4 Bxc3 16. Qxc3 exd5 17. Bb3 Be6 18. Qe5 Nc6 19. Qh5 h6 20. g4 Qb4 21. h3 Qf4 22. Kg2 Rd6 23. Rd3 Rad8 24. Rad1 g6 25. Qh4 Kg7 26. Nd4 Ne5 27. Re3 R8d7 28. Qg3 Qxg3+ 29. Kxg3 Kf6 30. f4 Nc6 31. Nb5 d4 32. Nxd6 Rxd6 33. Red3 b5 34. Kf3 a5 35. Bxe6 Kxe6 36. Ke4 f5+ 37. gxf5+ gxf5+ 38. Kf3 Kd5 39. b3 Re6 40. Rg1 Nb4 41. Rd2 Re3+ 42. Kg2 Ke4 43. Kf2 Rxh3 44. Re1+ Re3 45. Rxd4+ Kxd4 46. Rxe3 Nxa2 47. Re5 Nc3 48. Rxf5 Nd5 49. Kf3 b4 50. Rh5 a4 51. bxa4 b3 52. a5 b2 53. Rh1 Kc3 54. a6 Kc2 55. a7 Nb6 56. f5 Kd3 57. f6 Kc2 58. Rh2+ Kc1 59. Rxb2 Kxb2 60. f7 Nd7 61. a8Q Ne5+ 62. Ke4 Nxf7 63. Qb7+ Kc3 64. Qxf7 Kb4 65. Kd4 Kb5 66. Qb7+ Ka5 67. Kc4 1-0

[Event "Ruhrgebiet VK2 0910"]
[Site "Ruhrgebiet"]
[Date "2009.12.06"]
[Round "4.2"]
[White "Mueller, Martin"]
[Black "Wilbert, Siegfried"]
[Result "1/2-1/2"]
[WhiteElo "2093"]
[BlackElo "2127"]
[PlyCount "95"]
[EventDate "2009.09.06"]
[EventType "team"]
[EventRounds "9"]
[EventCountry "GER"]
[SourceTitle "EXT 2011"]
[Source "ChessBase"]
[SourceDate "2010.11.26"]
[SourceVersion "1"]
[SourceVersionDate "2010.11.26"]
[SourceQuality "1"]
[WhiteTeam "Unser Fritz"]
[BlackTeam "Buer"]
[WhiteTeamCountry "GER"]
[BlackTeamCountry "GER"]

1. e4 c5 2. c3 Nc6 3. Nf3 e5 4. d4 cxd4 5. cxd4 exd4 6. Nxd4 Nf6 7. Nc3 Bb4 8. Nxc6 bxc6 9. Bg5 h6 10. Bh4 0-0 11. Qd4 Bxc3+ 12. bxc3 g5 13. e5 Re8 14. 0-0-0 Nd5 15. Bg3 Qa5 16. Bc4 Ba6 17. Bb3 Re7 18. Kb2 Rae8 19. Rd2 Qb6 20. h4 Qxd4 21. Rxd4 Kg7 22. hxg5 hxg5 23. Rg4 f6 24. c4 Nb4 25. Kc3 c5 26. f4 Kg6 27. exf6 Re3+ 28. Kd2 Rd3+ 29. Kc1 Ree3 30. Rxg5+ Kxf6 31. Rh6+ Ke7 32. Bh4 Re6 33. Rxc5+ Kd6 34. Rxe6+ dxe6 35. Ra5 Bxc4 36. Bxc4 Rc3+ 37. Kb2 Rxc4 38. Rxa7 Kd5 39. g3 Nd3+ 40. Kb3 Nc5+ 41. Kb2 Nd3+ 42. Kb3 Nc5+ 43. Ka3 Re4 44. Rc7 Re3+ 45. Kb2 Re2+ 46. Ka3 Re3+ 47. Kb2 Re2+ 48. Ka3 1/2-1/2

[Event "Ruhrgebiet VK2 0910"]
[Site "Ruhrgebiet"]
[Date "2009.09.06"]
[Round "1.2"]
[White "Wilbert, Siegfried"]
[Black "Grube, Frank"]
[Result "1/2-1/2"]
[WhiteElo "2127"]
[BlackElo "1933"]
[PlyCount "134"]
[EventDate "2009.09.06"]
[EventType "team"]
[EventRounds "9"]
[EventCountry "GER"]
[SourceTitle "EXT 2011"]
[Source "ChessBase"]
[SourceDate "2010.11.26"]
[SourceVersion "1"]
[SourceVersionDate "2010.11.26"]
[SourceQuality "1"]
[WhiteTeam "Buer"]
[BlackTeam "Unna SV"]
[WhiteTeamCountry "GER"]
[BlackTeamCountry "GER"]

1. c4 c5 2. Nc3 e6 3. e4 d6 4. Nf3 Nf6 5. Be2 Be7 6. 0-0 0-0 7. d4 cxd4 8. Nxd4 b6 9. f4 Bb7 10. Bf3 Nbd7 11. Kh1 a6 12. Qe2 Qc7 13. Bd2 Rac8 14. b3 Qc5 15. Be3 Qc7 16. Rac1 Qb8 17. Rfe1 Rfd8 18. Bg1 Bf8 19. Rc2 g6 20. e5 dxe5 21. fxe5 Ne8 22. Bg4 Rc5 23. Nd5 Rcc8 24. Nxe6 fxe6 25. Bxe6+ Kh8 26. Qf2 Ng7 27. Bxd7 Rxd7 28. e6 Bc5 29. Qd2 Bxg1 30. Kxg1 Rd6 31. e7 Bxd5 32. cxd5 Rxc2 33. Qxc2 Rxd5 34. Qe4 Rf5 35. e8Q+ Nxe8 36. Qxe8+ Qxe8 37. Rxe8+ Kg7 38. Re7+ Rf7 39. Re4 Rf6 40. h4 Kf7 41. g4 Rc6 42. Ra4 a5 43. Rf4+ Ke7 44. Re4+ Kf7 45. a4 Rc3 46. b4 axb4 47. Rxb4 Ra3 48. Kf2 Ke7 49. g5 Kd7 50. Rxb6 Rxa4 51. Rb7+ Ke6 52. Rxh7 Kf5 53. Ke3 Rb4 54. Rf7+ Kg4 55. Rf6 Kh5 56. Rf4 Rxf4 57. Kxf4 Kxh4 58. Kf3 Kxg5 59. Kg3 Kf5 60. Kf3 g5 61. Kg3 g4 62. Kg2 Kf4 63. Kf2 g3+ 64. Kg2 Kg4 65. Kg1 Kf3 66. Kf1 g2+ 67. Kg1 Kg3 1/2-1/2